Les Personnages Principaux des Classiques d'Animation Disney - Statistiques

Statistiques générales
  • Ce quiz a été pris 186 fois
  • Le résultat moyen est 33 sur 55
Statistiques - réponses
Année Film Personnage % Correct
1937 ____________ et les Sept Nains Blanche-Neige
100%
1951 _____ au pays des merveilles Alice
97%
1991 La _____ et la Bête Belle
94%
2002 ____ et Stitch Lilo
91%
1994 Le Roi lion Simba
91%
1977 Les Aventures de _______ et Bianca Bernard
89%
1990 _______ et Bianca au pays des kangourous Bernard
89%
1989 La Petite Sirène Ariel
87%
1981 ___ et Rouky Rox
87%
1959 La Belle au bois dormant Aurore
86%
1967 Le Livre de la jungle Mowgli
85%
2013 La Reine des neiges Anna
84%
2019 La Reine des neiges 2 Anna
84%
1995 __________ : Une légende indienne Pocahontas
84%
2000 _____, l'empereur mégalo Kuzco
82%
2012 Les Mondes de _____ Ralph La Casse
81%
2018 _____ 2.0 Ralph La Casse
81%
1996 Le Bossu de Notre-Dame Quasimodo
79%
2009 La Princesse et la Grenouille Tiana
77%
1953 Peter Pan Wendy Darling
77%
1950 __________ Cendrillon
75%
2016 ______ : La Légende du bout du monde Vaiana
74%
2008 Volt, star malgré lui Volt
72%
1963 Merlin l'Enchanteur Arthur Pendragon (Moustique)
69%
1986 _____, détective privé Basil
69%
1970 Les Aristochats Duchesse
69%
1988 ______ et Compagnie Oliver
67%
1998 _____ Mulan
66%
1985 _____ et le Chaudron magique Taram
65%
1961 Les 101 Dalmatiens Pongo
62%
2010 ________ Raiponce
61%
2021 ____ et le Dernier Dragon Raya
60%
1955 La Belle et le Clochard Lady
57%
2016 Zootopie Judy Hopps
55%
2021 Encanto : La Fantastique Famille Madrigal Mirabel Madrigal
55%
1940 _________ Pinocchio
52%
1942 _____ Bambi
47%
1992 _______ Aladdin
45%
1941 _____ Dumbo
42%
2023 Wish : ____ et la Bonne Étoile Asha
40%
1973 _____ ___ ____ Robin des Bois
39%
1997 _______ Hercule
38%
2014 Les Nouveaux Héros Hiro Hamada
37%
1999 ______ Tarzan
36%
1977 Les Aventures de ______ ________ Winnie l'ourson
34%
2011 ______ ________ Winnie l'Ourson
34%
1944 Les Trois Caballeros Donald Duck
30%
2001 Atlantide, l'empire perdu Milo James Thatch
28%
2003 Frère des ours Kenai
27%
2002 La Planète au trésor : Un nouvel univers Jim Hawkins
22%
2000 Dinosaure Aladar
14%
2005 _______ ______ Chicken Little
13%
2004 La ferme se rebelle Maggie
11%
2007 Bienvenue chez les Robinson Lewis
9%
2022 Avalonia : L'Étrange Voyage Searcher Clade
6%
Aucun quiz correspondant
Distribution des résultats
% des personnes avec chaque résultat
Percentile par nombre de réponses
Votre historique - résultats
Vous n’avez pas pris ce quiz